Literature-based math activities : an integrated approach
Saved in:
| Main Author: | |
|---|---|
| Format: | Book |
| Language: | English |
| Published: |
New York :
Scholastic,
1992
|
| Subjects: | |
| Tags: |
Add Tag
No Tags, Be the first to tag this record!
|
MARC
| LEADER | 00000cam a2200000 i 4500 | ||
|---|---|---|---|
| 001 | 1/25222 | ||
| 008 | 020620s1992 eng d | ||
| 020 | |a 0-590-49201-2 | ||
| 035 | |l 10068026 | ||
| 040 | |a GR-MY-UA |b gre |e aacr | ||
| 041 | 0 | |a eng | |
| 082 | 0 | |a 372.7044 | |
| 100 | 1 | |a Abrohms, Alison. | |
| 245 | 1 | 0 | |a Literature-based math activities : |b an integrated approach / |c Alison Abrohms |
| 260 | |a New York : |b Scholastic, |c 1992 | ||
| 300 | |a 112 p. | ||
| 650 | 0 | 0 | |a Mathematics |x Study and teaching (Elementary) |
| 650 | 0 | 0 | |a Children's literature in mathematics education. |
| 852 | |a INST |b RHODES |e 20020620 |h 372.7044 ABR |p 005400016406 |q 005400016406 |t BK |y 0 | ||
| 901 | |a BIBL4-2002-2 | ||
| 909 | |a Ρ |b 101257 | ||
| 970 | |a ΚΟΥΛΑΚΙΟΤΗ |b ΛΙΤΣΑ |z 2002/06/20 | ||